| Поле | Название | Значение |
| |
Тип записи |
a |
| |
Библиографический уровень |
m |
| 001 |
Контрольный номер |
UONB/MAIN/35da90d47be34120b091a9588ac311cb |
| 005 |
Дата корректировки |
20251121115156.5 |
| 010 |
Индекс ISBN |
__ |
| d |
Цена |
70 к. |
| 9 |
Тираж |
32150 экз. |
| 100 |
Данные общей обработки |
__ |
| a |
Данные общей обработки |
20240116d1954 u y0rusy0189 ca |
| 101 |
Язык документа |
0_ |
| a |
Язык текста |
rus |
| 102 |
Страна публикации |
__ |
| a |
Страна публикации |
RU |
| 105 |
Кодированные данные (монография) |
__ |
| a |
Кодированные данные (монография) |
a z 000yy |
| 200 |
Заглавие и сведения об ответственности |
1_ |
| a |
Заглавие |
Внутриколхозные накопления и их источники |
| f |
Первые сведения об ответственности |
В.М. Романовский |
| g |
Последующие сведения об ответственности |
Всесоюз. о-во по распространению полит. и науч. знаний, Ленингр. отд-ние |
| 203 |
Вид содержания и тип средства |
__ |
| a |
Вид содержания |
Текст |
| b |
Характеристика содержания |
визуальный |
| c |
Тип средства |
непосредственный |
| 210 |
Выходные данные |
1_ |
| a |
Место издания |
Ленинград |
| c |
Издательство |
[б. и.] |
| d |
Дата издания |
154 |
| 215 |
Физическое описание |
__ |
| a |
Объем |
32 с. |
| c |
Иллюстрации/тип воспроизводства |
ил., схем. |
| d |
Формат |
20 см |
| 606 |
Тематические рубрики |
0_ |
| a |
Основная рубрика |
Колхозы |
| x |
Основная подрубрика |
Накопление |
| 610 |
Ключевые слова |
0_ |
| a |
Ключевые слова |
колхозы; накопление; накопление в колхозах; источники накопления |
| 686 |
Индексы других классификаций |
__ |
| a |
Классификационный индекс |
65.321.81 |
| 2 |
Код системы |
rubbk |
| 700 |
Автор |
_1 |
| a |
Фамилия |
Романовский |
| b |
Имя (инициалы) |
В.М. |
| g |
Полное личное имя |
Владимир Михайлович |
| 801 |
Источник записи |
_0 |
| a |
Страна |
RU |
| b |
Организация |
Ульяновская ОНБ |
| c |
Дата составления |
20240116 |
| g |
Правила каталогизации |
RCR |
| 801 |
Источник записи |
_1 |
| a |
Страна |
RU |
| b |
Организация |
Ульяновская ОНБ |
| c |
Дата составления |
20240116 |
| g |
Правила каталогизации |
RCR |
| 901 |
Тип документа |
__ |
| t |
Тип документа |
m |
| 909 |
Создатель записи |
__ |
| a |
Создатель записи |
Серова |
| b |
Дата создания записи |
20240116 |